Journal of Nursing Research Education and Management (Record no. 358027)
[ view plain ]
| 000 -LEADER | |
|---|---|
| fixed length control field | 00397nam a22001457a 4500 |
| 003 - CONTROL NUMBER IDENTIFIER | |
| control field | OSt |
| 005 - DATE AND TIME OF LATEST TRANSACTION | |
| control field | 20250127131522.0 |
| 008 - FIXED-LENGTH DATA ELEMENTS--GENERAL INFORMATION | |
| fixed length control field | 240530b |||||||| |||| 00| 0 eng d |
| 022 ## - INTERNATIONAL STANDARD SERIAL NUMBER | |
| Source | 2582001X |
| 100 ## - MAIN ENTRY--PERSONAL NAME | |
| Relator code | Kumar, Mahendra |
| 245 ## - TITLE STATEMENT | |
| Title | Journal of Nursing Research Education and Management |
| 260 ## - PUBLICATION, DISTRIBUTION, ETC. (IMPRINT) | |
| Place of publication, distribution, etc. | Ghaziabad |
| Name of publisher, distributor, etc. | MAT Journals Pvt. Ltd. |
| Date of publication, distribution, etc. | 2024 |
| 650 ## - SUBJECT ADDED ENTRY--TOPICAL TERM | |
| Source of heading or term | Nursing Research |
| 942 ## - ADDED ENTRY ELEMENTS (KOHA) | |
| Source of classification or shelving scheme | Dewey Decimal Classification |
| Koha item type | Journal |
| Serial record | 1 |
| Withdrawn status | Lost status | Source of classification or shelving scheme | Damaged status | Not for loan | Home library | Current library | Date acquired | Vendor | Serial Enumeration / chronology | Total Checkouts | Total Renewals | Barcode | Date last seen | Date last checked out | Bill Date | Koha item type | Shelving location |
|---|---|---|---|---|---|---|---|---|---|---|---|---|---|---|---|---|---|
| Dewey Decimal Classification | Sitabai Nargundkar College of Nursing Nagpur | Sitabai Nargundkar College of Nursing Nagpur | 30/05/2024 | MAT Journal | Vol. 6, No. 1 | 1 | 1 | JNREM-1 | 12/09/2025 | 23/10/2024 | 30/05/2024 | Journal | |||||
| Dewey Decimal Classification | Sitabai Nargundkar College of Nursing Nagpur | Sitabai Nargundkar College of Nursing Nagpur | 14/10/2024 | Vol. 6, No. 2 | 1 | JNREM-2 | 10/12/2024 | 05/11/2024 | 14/10/2024 | Journal | |||||||
| Dewey Decimal Classification | Sitabai Nargundkar College of Nursing Nagpur | Sitabai Nargundkar College of Nursing Nagpur | 27/01/2025 | Vol. 3, No. 3 | JNREM-3 | 13/01/2025 | 13/01/2025 | Journal | |||||||||
| Dewey Decimal Classification | Sitabai Nargundkar College of Nursing Nagpur | Sitabai Nargundkar College of Nursing Nagpur | 30/05/2025 | MAT Journls | Vol. 7, No. 1 | JNREM25-1 | 30/05/2025 | 30/05/2025 | Journal | Reference | |||||||
| Dewey Decimal Classification | Sitabai Nargundkar College of Nursing Nagpur | Sitabai Nargundkar College of Nursing Nagpur | 03/10/2025 | Vol. 7, No. 2 | JNREM25-2 | 04/10/2025 | 04/10/2025 | Journal | Reference |